Viacdimenzionálne organizačné štruktúry podnikateľských subjektov

Koncepcia tvorby, zdokonaľovania a využívania spôsobilosti organizačných štruktúr. Multikulturálnosť podniku. Subsystémy organizačnej štruktúry podniku.

Gespeichert in:
Bibliographische Detailangaben
1. Verfasser: Lipták, František
Weitere Verfasser: Kulík, Martin
Format: Buchkapitel
Sprache:Slowakisch
Schlagworte:
Tags: Tag hinzufügen
Keine Tags, Fügen Sie das erste Tag hinzu!

MARC

LEADER 00000naa$a2200000$$$4500
001 0029925
005 20231013093514.5
041 0 |a slo 
044 |a SK 
245 1 0 |a Viacdimenzionálne organizačné štruktúry podnikateľských subjektov  |c František Lipták, Martin Kulík 
520 |a Koncepcia tvorby, zdokonaľovania a využívania spôsobilosti organizačných štruktúr. Multikulturálnosť podniku. Subsystémy organizačnej štruktúry podniku. 
610 2 0 |a manažment 
610 2 0 |a štruktúra podniku organizačná 
610 2 0 |a systémy riadenia 
610 2 0 |a stupne riadiace 
610 2 0 |a prostredie podnikateľské 
610 2 0 |a zmeny organizačné 
100 1 |a Lipták, František 
700 1 |a Kulík, Martin